15 Longest Roads in Chatham - Statistics

General Stats
  • This quiz has been taken 9 times
  • The average score is 8 of 15
Answer Stats
No. Answer % Correct
8 Main (1.44 miles)
100%
3 Shunpike (2.71 miles)
86%
11 Woodland (1.17 miles)
86%
6 Lafayette (1.6 miles)
71%
1 River (4.38 miles)
71%
7 Green Village (1.58 miles)
57%
12 Route 24 (1.09 miles)
57%
2 Fairmount (3.83 miles)
43%
5 Hillside (2.49 miles)
43%
9 Passaic (1.25 miles)
43%
4 Southern (2.5 miles)
29%
14 Summit (0.92 miles)
29%
13 Meyersville (0.98 miles)
14%
10 Washington (1.23 miles)
14%
15 Weston (0.82 miles)
14%
No matching quizzes found
Score Distribution
Percent of People with Each Score
Percentile by Number Answered
Your Score History
You have not taken this quiz